000
00361nam a2200157Ia 4500
005
20250923144428.0
008
008 250917s9999 xx 000 0 eng d
037
_a
Reference
040
_a
DSWL
_b
eng
_c
DSWL
041
_a
eng
_2
eng
084
_q
DSWL
245
0
_a
Appendices:part 1-C
490
_v
Vol 10
942
_c
REF
999
_c
1438758
_d
1438758